| 000 | 01582nam a2200421 i 4500 | ||
|---|---|---|---|
| 001 | 53384 | ||
| 003 | KOSZ 005 | ||
| 005 | 20191009112350.0 | ||
| 008 | 191008s2007 pl a f f 000 0 pol d | ||
| 020 | _a9788321344607 | ||
| 040 |
_aKOSZ 005 _cKOSZ 005/RW |
||
| 046 | _k2007 | ||
| 080 | _a624.012.45 | ||
| 080 | _a624.016 | ||
| 080 | _a(075.8) | ||
| 100 | 1 |
_aKucharczuk, Witold _eAutor |
|
| 245 | 1 | 0 |
_aKonstrukcje zespolone stalowo-betonowe budynków / _cWitold Kucharczuk, Sławomir Labocha. |
| 260 |
_aWarszawa : _bWydawnictwo "Arkady", _c2007. |
||
| 300 |
_a298 stron : _bfotografie, rysunki, wykresy ; _c25 cm. |
||
| 336 |
_aTekst _btxt _2rdacontent |
||
| 337 |
_aBez urządzenia pośredniczącego _bn _2rdamedia |
||
| 338 |
_aWolumin _bnc _2rdacarrier |
||
| 380 | _aKsiążki | ||
| 380 | _aPublikacje dydaktyczne | ||
| 380 | _aPublikacje fachowe | ||
| 388 | _a2001- | ||
| 504 | _aBibliografia, wykaz norm na stronach [293]-298. | ||
| 521 | _aDla studentów budownictwa i architektury wyższych uczelni technicznych oraz dla inżynierów projektantów. | ||
| 536 | _aKsiążka dofinansowana przez Ministerstwo Nauki i Szkolnictwa Wyższego. | ||
| 650 | 7 | _aKonstrukcje zespolone | |
| 650 | 7 | _aKonstrukcje żelbetowe | |
| 655 | 7 | _aPodręczniki akademickie | |
| 658 | _aArchitektura i budownictwo | ||
| 700 | 1 |
_aLabocha, Sławomir _eAutor |
|
| 710 | 2 |
_aWydawnictwo Arkady _4pbl. |
|
| 856 |
_uhttp://koha.tu.koszalin.pl/cgi-bin/koha/opac-detail.pl?biblionumber=53384 _yKatalog online BPK |
||
| 942 |
_2UKD _cKS |
||
| 999 |
_c53384 _d53384 |
||